LDR 00636naa#a2200157#i#450# 001 EN\\bibl\124815 005 20260604111019.4 100 ## _a20260531b2026####ek#y0engy0150####ca 102 ## _aRU 200 1# _aPROBLEMS OF METHODOLOGICAL SUPPORT FOR THE PRODUCTION OF FORENSIC EXAMINATIONS IN THE CONTEXT OF DIGITALIZATION _eJournal article 210 1# _aMoscow _cNational Research University of Electronic Technology _d2026 215 ## _a0 с. 608 ## _aJournal article _2local 675 ## _aКриминалистика. Криминалистическая техника и тактика. 343.98 _z 700 #1 _aAminev _gFarit Gizarovich 856 4# _ahtlaw.ru _u